01275nab a22002417a 4500999001500000003000400015005001700019008004100036040000700077100003400084245008500118260007200203300001300275500003900288505027200327505012000599505008900719650002600808650002400834650001800858773014400876942001301020 c5899d5899OSt20260110003356.0190605e xxu||||| |||| 00| 0 spa d cPJ 96772aPulvirenti, Orlando D. 13aEl despido arbitrario en el empleo transitorio estatal /cOrlando D. Pulvirenti. aCiudad Autónoma de Buenos Aires :bThomson Reuters La Ley,c2023. ap. 32-37 aCita: TR LALEY AR/DOC/1352/2023.  aSumario: I. Introducción.— II. Razones constitucionales formales en la revocación del fallo de Cámara.— III. Razones vinculadas a la arbitrariedad en la decisión administrativa.— IV. La convencionalidad como eje de estas decisiones.— V. Conclusiones.  aFallo comentado: CS ~ 09/02/2023 ~ Flores, María José c. EN — M Público de la Defensa s/ amparo ley 16.986. t¿Te interesa el texto completo? Solicitalo al correo: koha@justierradelfuego.gov.ar 091316aDERECHO LABORAL 09938aEMPLEO PUBLICO 091533aDESPIDO0 0271193168dCiudad Autónoma de Buenos Aires : Thomson Reuters La Ley, 1999-2002.tRevista de derecho del trabajo. Nº 5 - Septiembre 2023 2udccANA